Top 15 Most Hated Countries - Statistics

General Stats
  • This quiz has been taken 25 times
  • The average score is 12 of 15
Answer Stats
Order Country % Correct
1 China
100%
3 Russia
100%
2 United States
100%
11 United Kingdom
95%
5 Israel
90%
4 North Korea
90%
7 Iran
86%
8 Iraq
81%
10 India
76%
12 Japan
67%
9 Syria
67%
6 Pakistan
62%
14 Germany
57%
13 Saudi Arabia
57%
15 Nigeria
24%
No matching quizzes found
Score Distribution
Percent of People with Each Score
Percentile by Number Answered
Your Score History
You have not taken this quiz